[Event "CAN-op (Pinnacle 48th CAN Op Ch)"]
[Site "Toronto CAN"]
[Date "2011.07.09"]
[Round "1"]
[White "Calugar, Arthur"]
[Black "Nicholson, Matthew"]
[Result "1-0"]
[WhiteElo "2247"]
[BlackElo "1933"]
[PlyCount "91"]
[GameId "2160767909706937"]
[EventDate "2011.07.09"]
[EventType "swiss"]
[EventRounds "9"]
[EventCountry "CAN"]
[SourceTitle "CBM 143 Extra"]
[Source "ChessBase"]
[SourceDate "2011.08.29"]
[SourceVersion "1"]
[SourceVersionDate "2011.08.29"]
[SourceQuality "1"]

1. Nf3 c5 2. b3 Nf6 3. Bb2 d5 4. e3 a6 5. Be2 Nc6 6. d4 e6 7. O-O Bd6 8. c4 O-O 9. Nc3 Re8 10. Rc1 dxc4 11. bxc4 cxd4 12. exd4 e5 13. d5 Ne7 14. Na4 b5 15. c5 bxa4 16. cxd6 Qxd6 17. Bxe5 Qxd5 18. Bxf6 gxf6 19. Qxa4 Bd7 20. Qa3 Bb5 21. Rfd1 Qe4 22. Bd3 Bxd3 23. Rxd3 Nf5 24. h3 Re6 25. Re1 Qc6 26. Red1 Rae8 27. Qa5 Ng7 28. Nd4 Qb6 29. Qd2 Re5 30. Rg3 Qa5 31. Qh6 Rg5 32. Qxf6 Rxg3 33. fxg3 Qxa2 34. Rf1 Qd5 35. Nf5 Nxf5 36. Rxf5 Re1+ 37. Kh2 Qe6 38. Rg5+ Kf8 39. Qd8+ Qe8 40. Qd6+ Qe7 41. Qh6+ Ke8 42. Rg8+ Kd7 43. Qxa6 Qc5 44. Qb7+ Qc7 45. Qb5+ Kd6 46. Qb4+ 1-0

[Event "CAN-op (Pinnacle 48th CAN Op Ch)"]
[Site "Toronto CAN"]
[Date "2011.07.10"]
[Round "2"]
[White "Derraugh, Geordie"]
[Black "Calugar, Arthur"]
[Result "1-0"]
[WhiteElo "2140"]
[BlackElo "2437"]
[PlyCount "119"]
[GameId "2160767909707020"]
[EventDate "2011.07.09"]
[EventType "swiss"]
[EventRounds "9"]
[EventCountry "CAN"]

1. e4 c5 2. c3 Nf6 3. e5 Nd5 4. d4 cxd4 5. Nf3 e6 6. cxd4 d6 7. Be2 Nd7 8. exd6 Bxd6 9. O-O O-O 10. Nc3 Nxc3 11. bxc3 b6 12. Bg5 Qc7 13. Qd2 Bb7 14. h3 Rac8 15. Rac1 Rfe8 16. Ne1 h6 17. Be3 Nf6 18. c4 Red8 19. Qb2 Bh2+ 20. Kh1 Bf4 21. Qd2 Ne4 22. Qd3 Ng5 23. Nf3 Bxe3 24. Qxe3 Nxf3 25. Bxf3 Bxf3 26. gxf3 Qd7 27. Rg1 Kh8 28. Rg4 f6 29. Rg6 Rg8 30. Rcg1 e5 31. R1g4 exd4 32. Rxh6+ gxh6 33. Qxh6+ Qh7 34. Qxf6+ Rg7 35. Rh4 Re8 36. Qxd4 Qxh4 37. Qxh4+ Kg8 38. Qh5 Re1+ 39. Kh2 Rf1 40. Qd5+ Kf8 41. Qa8+ Kf7 42. Qxa7+ Kg8 43. Qa8+ Kh7 44. Qe4+ Rg6 45. h4 Rxf2+ 46. Kh3 Rf1 47. f4 Kh6 48. h5 Rgg1 49. Kh2 Rb1 50. Qd5 Rh1+ 51. Qxh1 Rxh1+ 52. Kxh1 Kxh5 53. a4 Kg4 54. a5 bxa5 55. c5 Kf5 56. c6 Ke6 57. f5+ Kd6 58. f6 a4 59. f7 Ke7 60. c7 1-0

[Event "CAN-op (Pinnacle 48th CAN Op Ch)"]
[Site "Toronto CAN"]
[Date "2011.07.12"]
[Round "4"]
[White "Yee, Lorne"]
[Black "Calugar, Arthur"]
[Result "1/2-1/2"]
[WhiteElo "2210"]
[BlackElo "2247"]
[PlyCount "90"]
[GameId "2160767909707208"]
[EventDate "2011.07.09"]
[EventType "swiss"]
[EventRounds "9"]
[EventCountry "CAN"]
[SourceTitle "CBM 143 Extra"]
[Source "ChessBase"]
[SourceDate "2011.08.29"]
[SourceVersion "1"]
[SourceVersionDate "2011.08.29"]
[SourceQuality "1"]

1. d4 Nf6 2. Bf4 g6 3. e3 Bg7 4. Nf3 O-O 5. h3 d6 6. Be2 Nbd7 7. O-O Qe8 8. c4 e5 9. Bh2 Ne4 10. Nbd2 Nxd2 11. Qxd2 e4 12. Ne1 Qe7 13. Nc2 f5 14. Rab1 g5 15. b4 Bh6 16. Rb3 Nf6 17. d5 g4 18. Bf4 Bg7 19. h4 Nh5 20. g3 Nxf4 21. exf4 Bd7 22. Ne3 b6 23. Ra3 Bf6 24. Kg2 Qg7 25. Rb1 Bd4 26. Rd1 Bb2 27. Rb3 Bf6 28. Ra3 Bb2 29. Rb3 Bf6 30. Ra3 a5 31. b5 Ra7 32. Rb3 a4 33. Rbb1 a3 34. Rb3 Ra4 35. Nc2 Bb2 36. Ne3 Qf6 37. Nc2 Re8 38. Ne3 Kf7 39. Bf1 Rea8 40. Be2 R8a7 41. Bf1 Ra8 42. Be2 Qe7 43. Nc2 Qf6 44. Ne3 R8a5 45. Bf1 Ra8 1/2-1/2

[Event "CAN-op (Pinnacle 48th CAN Op Ch)"]
[Site "Toronto CAN"]
[Date "2011.07.13"]
[Round "5"]
[White "Calugar, Arthur"]
[Black "Larochelle, Martial"]
[Result "0-1"]
[WhiteElo "2247"]
[BlackElo "2086"]
[PlyCount "82"]
[GameId "2160767909707223"]
[EventDate "2011.07.09"]
[EventType "swiss"]
[EventRounds "9"]
[EventCountry "CAN"]
[SourceTitle "CBM 143 Extra"]
[Source "ChessBase"]
[SourceDate "2011.08.29"]
[SourceVersion "1"]
[SourceVersionDate "2011.08.29"]
[SourceQuality "1"]

1. e4 e5 2. Nf3 Nc6 3. Bb5 a6 4. Ba4 Nf6 5. O-O Be7 6. Re1 b5 7. Bb3 d6 8. c3 O-O 9. h3 Na5 10. Bc2 c5 11. d4 Qc7 12. d5 Bd7 13. Nbd2 c4 14. Nf1 Nb7 15. g4 h5 16. N3h2 hxg4 17. hxg4 Nh7 18. Ng3 Bg5 19. Kg2 g6 20. Rh1 Qd8 21. Qg1 Qf6 22. Bxg5 Nxg5 23. Nf5 Nc5 24. f3 Rfe8 25. Qf2 gxf5 26. gxf5 Qg7 27. Ng4 Ngxe4 28. fxe4 Qxg4+ 29. Kf1 Nxe4 30. Bxe4 Qxe4 31. Qg1+ Kf8 32. f6 Qf3+ 33. Ke1 Qxf6 34. Ke2 Bf5 35. Re1 Be4 36. Rh3 Bxd5 37. Rf1 Qe6 38. Rh7 Ke7 39. Qg5+ Kd7 40. Rh6 Rg8 41. Rxe6 Rxg5 0-1

[Event "CAN-op (Pinnacle 48th CAN Op Ch)"]
[Site "Toronto CAN"]
[Date "2011.07.14"]
[Round "6"]
[White "Rachar, Sean"]
[Black "Calugar, Arthur"]
[Result "0-1"]
[WhiteElo "2012"]
[BlackElo "2247"]
[PlyCount "78"]
[GameId "2160767909707341"]
[EventDate "2011.07.09"]
[EventType "swiss"]
[EventRounds "9"]
[EventCountry "CAN"]
[SourceTitle "CBM 143 Extra"]
[Source "ChessBase"]
[SourceDate "2011.08.29"]
[SourceVersion "1"]
[SourceVersionDate "2011.08.29"]
[SourceQuality "1"]

1. Nf3 Nf6 2. c4 g6 3. Nc3 d5 4. Qa4+ Bd7 5. Qb3 dxc4 6. Qxc4 Bg7 7. d4 O-O 8. e4 Nc6 9. Be2 Bg4 10. Be3 Nd7 11. Rd1 Nb6 12. Qc5 Bxf3 13. Bxf3 e6 14. e5 Qd7 15. Ne4 Nd5 16. Bg5 h6 17. Bf6 Bxf6 18. Nxf6+ Nxf6 19. exf6 Rfd8 20. Bxc6 bxc6 21. h4 e5 22. Qc1 exd4 23. Kf1 Kh7 24. h5 g5 25. Qc4 Qd5 26. Qd3+ Kg8 27. Rh3 c5 28. b3 Re8 29. Qg3 Re6 30. Qf3 Rd8 31. g4 Re4 32. Rg3 Rde8 33. Kg2 Qd6 34. Rd2 R8e6 35. Qf5 Rf4 36. Qd3 Qd5+ 37. f3 Rfxf6 38. Qb5 Re3 39. Qb8+ Kg7 0-1

[Event "CAN-op (Pinnacle 48th CAN Op Ch)"]
[Site "Toronto CAN"]
[Date "2011.07.15"]
[Round "7"]
[White "Calugar, Arthur"]
[Black "Reshef, Omer"]
[Result "1-0"]
[WhiteElo "2247"]
[BlackElo "2145"]
[PlyCount "144"]
[GameId "2160767909707370"]
[EventDate "2011.07.09"]
[EventType "swiss"]
[EventRounds "9"]
[EventCountry "CAN"]
[SourceTitle "CBM 143 Extra"]
[Source "ChessBase"]
[SourceDate "2011.08.29"]
[SourceVersion "1"]
[SourceVersionDate "2011.08.29"]
[SourceQuality "1"]

1. Nf3 d5 2. b3 Bg4 3. Ne5 Bf5 4. d4 Nf6 5. Bb2 e6 6. e3 Nbd7 7. Be2 Bb4+ 8. c3 Bd6 9. Nxd7 Nxd7 10. Nd2 O-O 11. O-O Rc8 12. c4 c6 13. f4 h6 14. Qe1 Bb4 15. a3 Bxd2 16. Qxd2 Nf6 17. c5 Bg4 18. Bd3 Bf5 19. b4 Bxd3 20. Qxd3 Qd7 21. a4 a6 22. b5 axb5 23. axb5 Ra8 24. b6 Rxa1 25. Rxa1 Ne4 26. Bc3 f5 27. Be1 Kh7 28. Ra7 Rb8 29. Qe2 Qe8 30. h3 Qg6 31. Kh2 Qe8 32. Qf3 Qf7 33. Ra2 Qe8 34. Ra7 Qf7 35. Bh4 Nc3 36. g4 Qe8 37. Qg2 Ne4 38. Bg3 Nc3 39. Be1 Ne4 40. Bh4 Qf7 41. Ra1 Qe8 42. Rg1 g6 43. Ra1 Qf7 44. Ra7 Kg7 45. Qa2 Qe8 46. Qa6 Qc8 47. Qe2 Kf7 48. Be1 Qd7 49. Kg2 Kg7 50. Bg3 Nc3 51. Qb2 Ne4 52. Qe2 Nc3 53. Qf3 Qc8 54. Be1 Ne4 55. Bg3 Ra8 56. Qd1 Kf8 57. h4 Rb8 58. Kh3 Qe8 59. Qf3 Kg7 60. Bh2 fxg4+ 61. Kxg4 Qf7 62. f5 gxf5+ 63. Kh3 Rg8 64. Bc7 Kh7 65. Rxb7 Qg7 66. Ra7 Nf6 67. Be5 Nd7 68. Bxg7 Rxg7 69. b7 Nb8 70. Qf4 Nd7 71. b8=Q Nxb8 72. Rxg7+ Kxg7 1-0

[Event "CAN-op (Pinnacle 48th CAN Op Ch)"]
[Site "Toronto CAN"]
[Date "2011.07.16"]
[Round "8"]
[White "Humphreys, Michael"]
[Black "Calugar, Arthur"]
[Result "1-0"]
[WhiteElo "2111"]
[BlackElo "2247"]
[PlyCount "173"]
[GameId "2160767909707465"]
[EventDate "2011.07.09"]
[EventType "swiss"]
[EventRounds "9"]
[EventCountry "CAN"]
[SourceTitle "CBM 143 Extra"]
[Source "ChessBase"]
[SourceDate "2011.08.29"]
[SourceVersion "1"]
[SourceVersionDate "2011.08.29"]
[SourceQuality "1"]

1. d4 Nf6 2. c4 g6 3. Nc3 d5 4. Nf3 Bg7 5. Qb3 dxc4 6. Qxc4 O-O 7. e4 Nfd7 8. Be3 Nb6 9. Qc5 Bg4 10. Rd1 N8d7 11. Qa3 h6 12. Be2 c6 13. Qb3 Qc7 14. a4 Rad8 15. O-O Kh8 16. h3 Bxf3 17. Bxf3 e5 18. dxe5 Nxe5 19. Be2 Ned7 20. Rd2 Nc5 21. Qc2 Rxd2 22. Qxd2 Rd8 23. Qc2 Ne6 24. Rd1 Kh7 25. Rd2 Nd4 26. Rxd4 Rxd4 27. Nb5 Qd8 28. Nxd4 Bxd4 29. Qd2 Bf6 30. Qxd8 Bxd8 31. b3 a5 32. Bg4 Kg7 33. h4 Bc7 34. Bd2 h5 35. Bh3 c5 36. Bxa5 Kf6 37. Bc3+ Ke7 38. Kf1 Nd7 39. Ke2 Ne5 40. g3 Kd6 41. Bc8 b6 42. Bb7 Nc6 43. Bxc6 Kxc6 44. Kd3 Bb8 45. Kc4 Bc7 46. f4 Bd6 47. Bf6 Bc7 48. Be5 Bd8 49. f5 gxf5 50. exf5 f6 51. Bf4 Be7 52. g4 hxg4 53. h5 Bf8 54. h6 g3 55. h7 g2 56. Bh2 Bg7 57. b4 cxb4 58. Kxb4 Bh8 59. Kc4 Bg7 60. Kd4 Bh8 61. Ke4 Kc5 62. Bg1+ Kc6 63. Kf3 b5 64. axb5+ Kxb5 65. Kxg2 Kc6 66. Kf3 Kd6 67. Kg4 Ke7 68. Be3 Kf7 69. Bh6 Ke7 70. Kf4 Kd6 71. Ke4 Kc5 72. Be3+ Kd6 73. Kd4 Bg7 74. Bf4+ Kc6 75. Bh6 Bh8 76. Bf8 Kd7 77. Kd5 Ke8 78. Bh6 Kd7 79. Be3 Ke7 80. Kc6 Kf7 81. Bh6 Bg7 82. Bxg7 Kxg7 83. Kd6 Kxh7 84. Ke7 Kg7 85. Ke6 Kf8 86. Kxf6 Kg8 87. Ke7 1-0

[Event "CAN-op (Pinnacle 48th CAN Op Ch)"]
[Site "Toronto CAN"]
[Date "2011.07.17"]
[Round "9"]
[White "Calugar, Arthur"]
[Black "Xu, Haizhou"]
[Result "0-1"]
[WhiteElo "2247"]
[BlackElo "1875"]
[PlyCount "146"]
[GameId "2160767909707512"]
[EventDate "2011.07.09"]
[EventType "swiss"]
[EventRounds "9"]
[EventCountry "CAN"]
[SourceTitle "CBM 143 Extra"]
[Source "ChessBase"]
[SourceDate "2011.08.29"]
[SourceVersion "1"]
[SourceVersionDate "2011.08.29"]
[SourceQuality "1"]

1. Nf3 Nf6 2. b3 g6 3. Bb2 Bg7 4. g3 O-O 5. Bg2 d6 6. d4 Nbd7 7. O-O e5 8. dxe5 Ng4 9. Qc1 Ngxe5 10. Nbd2 Re8 11. Nxe5 dxe5 12. Rd1 Qe7 13. Nc4 Nb6 14. Ne3 c6 15. a4 a5 16. Qd2 Be6 17. Bc3 Red8 18. Qe1 Rxd1 19. Rxd1 Qc5 20. b4 Qe7 21. bxa5 Nc4 22. Nxc4 Bxc4 23. Qd2 Bf6 24. Bb4 Qe6 25. Bc5 Ba6 26. e3 Qc4 27. Bb6 Qxa4 28. e4 Be7 29. c3 Qb3 30. h4 h5 31. Bh3 Bf6 32. Qc1 Qa4 33. Rd6 Bg7 34. Qe3 Qc4 35. Rd7 Re8 36. Qf3 Rf8 37. Kh2 Bh6 38. Bc7 Re8 39. Bb6 Rf8 40. Re7 Bg7 41. Bc7 Qc5 42. Rd7 Qc4 43. Bb6 Re8 44. Rc7 Bf8 45. Bd7 Rb8 46. Qf6 Bg7 47. Qe7 Bf8 48. Qxe5 Bg7 49. Qe7 Bf8 50. Qf6 Bg7 51. Qe7 Bf8 52. Qf6 Bg7 53. Qf4 Rf8 54. e5 Qd5 55. e6 Bf1 56. exf7+ Kh8 57. Bh3 Bxh3 58. f3 Bf1 59. Kg1 Qd1 60. Bd4 Bxd4+ 61. cxd4 Kh7 62. Re7 Be2+ 63. Kf2 Qf1+ 64. Ke3 Qe1 65. Qf6 Bc4+ 66. Kf4 Qxe7 67. Qxe7 Rxf7+ 68. Qxf7+ Bxf7 69. Ke5 Kg7 70. g4 Bd5 71. gxh5 gxh5 72. f4 Bc4 73. f5 Kf7 0-1

[Event "CYCC U18"]
[Site "Richmond Hill CAN"]
[Date "2011.07.06"]
[Round "2"]
[White "Calugar, Arthur"]
[Black "Kleinman, Michael"]
[Result "1/2-1/2"]
[WhiteElo "2247"]
[BlackElo "2221"]
[PlyCount "66"]
[GameId "2160767909704072"]
[EventDate "2011.07.06"]
[EventType "swiss"]
[EventRounds "7"]
[EventCountry "CAN"]
[SourceTitle "EXT 2012"]
[Source "ChessBase"]
[SourceDate "2011.11.24"]
[SourceVersion "1"]
[SourceVersionDate "2011.11.24"]
[SourceQuality "1"]

1. e4 c5 2. Nf3 d6 3. d4 cxd4 4. Nxd4 Nf6 5. Nc3 g6 6. Be3 Bg7 7. f3 Nc6 8. Qd2 O-O 9. Bc4 Bd7 10. Bb3 Nxd4 11. Bxd4 b5 12. h4 a5 13. Nd5 a4 14. Nxf6+ Bxf6 15. Bxf6 axb3 16. Bd4 Rxa2 17. Rc1 bxc2 18. h5 e5 19. hxg6 fxg6 20. Bxe5 dxe5 21. Qd5+ Kg7 22. Qxa2 Qg5 23. Rxc2 Qe3+ 24. Kd1 Be6 25. Qa5 Bb3 26. Qc7+ Rf7 27. Qxe5+ Kg8 28. Qe8+ Kg7 29. Qxb5 Ra7 30. Qe5+ Kg8 31. Qe8+ Kg7 32. Qe5+ Kg8 33. Qe8+ Kg7 1/2-1/2

[Event "CYCC U18"]
[Site "Richmond Hill CAN"]
[Date "2011.07.06"]
[Round "3"]
[White "Calugar, Arthur"]
[Black "Martchenko, Alexander"]
[Result "0-1"]
[WhiteElo "2247"]
[BlackElo "2227"]
[PlyCount "138"]
[GameId "2160767909704076"]
[EventDate "2011.07.06"]
[EventType "swiss"]
[EventRounds "7"]
[EventCountry "CAN"]
[SourceTitle "EXT 2012"]
[Source "ChessBase"]
[SourceDate "2011.11.24"]
[SourceVersion "1"]
[SourceVersionDate "2011.11.24"]
[SourceQuality "1"]

1. e4 e5 2. Nf3 Nc6 3. Bb5 a6 4. Ba4 Nf6 5. O-O b5 6. Bb3 Be7 7. Re1 d6 8. c3 O-O 9. h3 Na5 10. Bc2 c5 11. d4 Qc7 12. d5 Bd7 13. Nbd2 Nb7 14. Nf1 Ne8 15. Ng3 g6 16. Bh6 Ng7 17. Nh2 Qd8 18. Qd2 c4 19. Rf1 Nc5 20. Ng4 Bxg4 21. hxg4 f6 22. f3 Rf7 23. Kf2 Qd7 24. Rh1 Bd8 25. Be3 Bb6 26. Rh3 Ne8 27. Rah1 Qa7 28. Ke2 Nd7 29. Nf1 Rb8 30. g3 a5 31. f4 b4 32. Bxb6 Qxb6 33. Ne3 bxc3 34. bxc3 Qc5 35. f5 g5 36. Ra1 Nf8 37. Rhh1 Rfb7 38. Rhb1 Nc7 39. Rxb7 Rxb7 40. Rb1 Rxb1 41. Bxb1 Qb5 42. Qc2 a4 43. a3 Nd7 44. Ba2 Nb6 45. Qb1 Qxb1 46. Bxb1 Nb5 47. Kd2 Nxa3 48. Ba2 Kf7 49. Kc1 Nb5 50. Kc2 Ke7 51. Bxc4 Na3+ 52. Kd3 Nd7 53. Kd2 Nc5 54. Bd3 Kd7 55. Nd1 Kc7 56. Nb2 Kb6 57. c4 Ka5 58. Kc3 Nb3 59. Be2 Nb1+ 60. Kc2 N1d2 61. c5 a3 62. cxd6 axb2 63. Kxb2 Nc5 64. Kc3 Ndxe4+ 65. Kc4 Kb6 66. d7 Nxd7 67. d6 Nxg3 68. Bd1 Kc6 69. Ba4+ Kxd6 0-1

[Event "CYCC U18"]
[Site "Richmond Hill CAN"]
[Date "2011.07.07"]
[Round "4"]
[White "Zhou, Kevin"]
[Black "Calugar, Arthur"]
[Result "0-1"]
[WhiteElo "1962"]
[BlackElo "2247"]
[PlyCount "66"]
[GameId "2160767909704085"]
[EventDate "2011.07.06"]
[EventType "swiss"]
[EventRounds "7"]
[EventCountry "CAN"]
[SourceTitle "EXT 2012"]
[Source "ChessBase"]
[SourceDate "2011.11.24"]
[SourceVersion "1"]
[SourceVersionDate "2011.11.24"]
[SourceQuality "1"]

1. e4 c5 2. Nf3 Nc6 3. d4 cxd4 4. Nxd4 e6 5. Nc3 Qc7 6. Be2 a6 7. O-O Nf6 8. Be3 Bb4 9. f3 Bxc3 10. bxc3 Ne5 11. Qd2 d5 12. Bd3 Nc4 13. Bxc4 Qxc4 14. Qd3 Qc7 15. Bf2 dxe4 16. fxe4 O-O 17. h3 b5 18. Ne2 Bb7 19. Ng3 Rac8 20. a4 Rfd8 21. Qe2 bxa4 22. Rfb1 Rd7 23. Be1 Bc6 24. Qxa6 h5 25. Qf1 h4 26. Ne2 Nxe4 27. Rb4 g5 28. Nd4 Bd5 29. Raxa4 Nxc3 30. Bxc3 Qxc3 31. Qc1 Qg3 32. Qd2 Be4 33. Qf2 e5 0-1

[Event "CYCC U18"]
[Site "Richmond Hill CAN"]
[Date "2011.07.08"]
[Round "5"]
[White "Calugar, Arthur"]
[Black "Miller, David"]
[Result "1-0"]
[WhiteElo "2437"]
[BlackElo "1936"]
[PlyCount "81"]
[GameId "2160767909704086"]
[EventDate "2011.07.06"]
[EventType "swiss"]
[EventRounds "7"]
[EventCountry "CAN"]

1. Nf3 c5 2. b3 d5 3. e3 Nc6 4. Bb2 Nf6 5. Bb5 Bd7 6. O-O e6 7. Bxc6 Bxc6 8. Ne5 Rc8 9. f4 Be7 10. d3 O-O 11. a4 Nd7 12. Nd2 Nxe5 13. fxe5 Bg5 14. Qe2 f6 15. Nf3 fxe5 16. Nxe5 Bf6 17. Qg4 Qe7 18. Rae1 Be8 19. Rf4 Bxe5 20. Bxe5 Bg6 21. h3 Rf5 22. Bb2 Rcf8 23. Rxf5 Rxf5 24. e4 Rg5 25. Qf4 e5 26. exd5 Rf5 27. Rxe5 Rxe5 28. Bxe5 Qf7 29. Qc4 b6 30. d4 Be4 31. Qb5 Bxd5 32. dxc5 Bxg2 33. Kxg2 Qd5+ 34. Kf2 Qxe5 35. Qc4+ Kf8 36. c6 Qh2+ 37. Ke1 Qe5+ 38. Kd2 Qg5+ 39. Kc3 Qc1 40. c7 Qa1+ 41. Kd2 1-0

[Event "CYCC U18"]
[Site "Richmond Hill CAN"]
[Date "2011.07.08"]
[Round "7"]
[White "Calugar, Arthur"]
[Black "Laceste, Loren"]
[Result "0-1"]
[WhiteElo "2247"]
[BlackElo "2027"]
[PlyCount "130"]
[GameId "2160767909704095"]
[EventDate "2011.07.06"]
[EventType "swiss"]
[EventRounds "7"]
[EventCountry "CAN"]
[SourceTitle "EXT 2022"]
[Source "ChessBase"]
[SourceDate "2021.10.06"]
[SourceVersion "1"]
[SourceVersionDate "2021.10.06"]
[SourceQuality "1"]

1. b3 d5 2. Bb2 Nf6 3. Nf3 e6 4. e3 Be7 5. d4 O-O 6. Bd3 b6 7. O-O Bb7 8. Nbd2 Nbd7 9. c4 c5 10. cxd5 Nxd5 11. Rc1 cxd4 12. Nxd4 Nc5 13. Bb1 Bf6 14. Ba3 Rc8 15. b4 Nd7 16. Qb3 Rxc1 17. Rxc1 Bxd4 18. Qd3 Qh4 19. Nf3 Ne5 20. Nxh4 Nxd3 21. Bxd3 Bf6 22. Nf3 Be7 23. e4 Bxb4 24. Bxb4 Nxb4 25. Rc7 Ba8 26. Bb1 a5 27. a3 Na6 28. Ra7 Nc5 29. Ne5 f6 30. Nc4 Rd8 31. f3 Bb7 32. Kf2 Rd1 33. Bc2 Rc1 34. Ne3 Kf8 35. Ke2 Ke8 36. Kd2 Rg1 37. Nc4 Kd7 38. Nxb6+ Kc6 39. Nc4 Rxg2+ 40. Kc3 Ba6 41. Nd2 h5 42. h4 e5 43. Bd1 Kb6 44. Re7 Bb5 45. a4 Bxa4 46. Nc4+ Kb5 47. Bxa4+ Nxa4+ 48. Kd3 Nc5+ 49. Kc3 Rg1 50. Nd2 Rc1+ 51. Kb2 Nd3+ 52. Ka3 Rc3+ 53. Ka2 Rc2+ 54. Kb3 Rxd2 55. Kc3 Rd1 56. Rxg7 Nf4 57. Rf7 Rd3+ 58. Kc2 Rd6 59. Kb3 a4+ 60. Kc3 Rc6+ 61. Kb2 Kc4 62. Ra7 Kd3 63. Rxa4 Ke2 64. Ra3 Nd3+ 65. Ka1 Ne1 0-1

[Event "CAN-ch U20"]
[Site "Mississauga CAN"]
[Date "2011.04.22"]
[Round "2"]
[White "Calugar, Arthur"]
[Black "Gladstone, Simon"]
[Result "1-0"]
[WhiteElo "2379"]
[BlackElo "1999"]
[PlyCount "83"]
[GameId "2160767909770583"]
[EventDate "2011.04.22"]
[EventType "swiss"]
[EventRounds "9"]
[EventCountry "CAN"]
[SourceTitle "EXT 2022"]
[Source "ChessBase"]
[SourceDate "2021.10.06"]
[SourceVersion "1"]
[SourceVersionDate "2021.10.06"]
[SourceQuality "1"]

1. Nf3 Nf6 2. b3 e6 3. Bb2 d5 4. e3 Bd6 5. d4 O-O 6. Bd3 b6 7. O-O Nbd7 8. Ne5 Bb7 9. a4 a5 10. Na3 Bxe5 11. dxe5 Ne4 12. Qh5 Ndc5 13. Be2 Qg5 14. Qh3 Na6 15. Kh1 Nb4 16. Rae1 Nd2 17. Rg1 Ne4 18. Rgf1 Qg6 19. f3 Ng5 20. Qg3 Nxc2 21. Nxc2 Qxc2 22. Ba3 c5 23. Bd1 Qa2 24. Bc1 Qb1 25. Bd2 h6 26. e4 dxe4 27. h4 Qd3 28. Bf4 e3 29. hxg5 hxg5 30. Bxg5 Qh7+ 31. Qh3 Qxh3+ 32. gxh3 g6 33. Bxe3 Rfd8 34. Bc2 Rd7 35. Bg5 Rd4 36. Re3 Bc6 37. h4 c4 38. h5 cxb3 39. Bxb3 Bxa4 40. Bxa4 Rxa4 41. Bf6 Rc8 42. Rg1 1-0

[Event "CAN-ch U20"]
[Site "Mississauga CAN"]
[Date "2011.04.23"]
[Round "4"]
[White "Itkin, David"]
[Black "Calugar, Arthur"]
[Result "0-1"]
[WhiteElo "2173"]
[BlackElo "2379"]
[PlyCount "124"]
[GameId "2160767909770602"]
[EventDate "2011.04.22"]
[EventType "swiss"]
[EventRounds "9"]
[EventCountry "CAN"]
[SourceTitle "EXT 2022"]
[Source "ChessBase"]
[SourceDate "2021.10.06"]
[SourceVersion "1"]
[SourceVersionDate "2021.10.06"]
[SourceQuality "1"]

1. e4 c5 2. Nf3 e6 3. d4 cxd4 4. Nxd4 Nc6 5. Nb5 d6 6. c4 a6 7. N5c3 Nf6 8. Be3 Be7 9. Be2 O-O 10. O-O Ne5 11. Na3 b6 12. Qb3 Ned7 13. Rfd1 Bb7 14. f3 Bc6 15. Rac1 Rc8 16. Qc2 Qc7 17. Bf1 Qb8 18. Qf2 Bd8 19. Nc2 Bc7 20. Nd4 Bb7 21. g3 Qa8 22. Bh3 Rcd8 23. b3 Nc5 24. b4 Ncd7 25. a3 Ne5 26. Qe2 Rfe8 27. Bg5 Ned7 28. Bg2 d5 29. Bxf6 Nxf6 30. e5 Nd7 31. f4 Bb8 32. cxd5 exd5 33. Qa2 Nf8 34. Nde2 d4 35. Nxd4 b5 36. Nf5 Ne6 37. Bxb7 Qxb7 38. Qg2 Qb6+ 39. Kh1 g6 40. Nh6+ Kg7 41. Ng4 Rc8 42. Qe4 Rc4 43. Nd5 Qc6 44. Rxc4 bxc4 45. Ngf6 Rd8 46. Rc1 Qa4 47. Qxc4 Qxa3 48. Qc3 Qa2 49. Rc2 Qb1+ 50. Kg2 Ba7 51. Rc1 Qa2+ 52. Rc2 Qb1 53. Rc1 Qa2+ 54. Qc2 Qa3 55. Kh3 h5 56. Qc3 Qa4 57. Qc6 Qa2 58. Nc7 Nxc7 59. Qxc7 Rd2 60. Kh4 Rxh2+ 61. Kg5 Qe6 62. Qc8 Qxe5+ 0-1

[Event "CAN-ch U20"]
[Site "Mississauga CAN"]
[Date "2011.04.24"]
[Round "7"]
[White "Calugar, Arthur"]
[Black "Qin, Zi Yi (Joey)"]
[Result "1-0"]
[WhiteElo "2379"]
[BlackElo "2370"]
[PlyCount "107"]
[GameId "2160767909770612"]
[EventDate "2011.04.22"]
[EventType "swiss"]
[EventRounds "9"]
[EventCountry "CAN"]
[SourceTitle "hb 2012"]

1. b3 e5 2. Bb2 Nc6 3. e3 d6 4. Nf3 g6 5. d4 exd4 6. Nxd4 Nf6 7. Nxc6 bxc6 8. Qf3 Bg7 9. Qxc6+ Bd7 10. Qc4 d5 11. Qh4 h6 12. Nd2 g5 13. Qd4 c5 14. Qxc5 Rc8 15. Qa3 a5 16. Bd3 Bf8 17. Bxf6 Qxf6 18. Qc1 Bd6 19. O-O g4 20. e4 d4 21. e5 Bxe5 22. Ne4 Qb6 23. Qd2 O-O 24. Rae1 f5 25. Ng3 Rce8 26. f4 gxf3 27. Rxf3 f4 28. Nf1 Bg4 29. Rxe5 Rxe5 30. Rxf4 Rg5 31. Ng3 Rxf4 32. Qxf4 Qb4 33. Bc4+ Kh7 34. Qe4+ Kg7 35. Qxd4+ Kh7 36. h3 Bxh3 37. Qd3+ Bf5 38. Nxf5 Qe1+ 39. Qf1 Qe5 40. Bd3 Kh8 41. Qf3 Qe1+ 42. Kh2 Qe5+ 43. g3 Qe8 44. Nh4 Kg7 45. Qf2 Qe5 46. Qa7+ Kf6 47. Qb6+ Kg7 48. Qa7+ Kf6 49. Qb6+ Kg7 50. Qb7+ Kf6 51. Qf3+ Kg7 52. Nf5+ Kh8 53. Nxh6 Rh5+ 54. Kg2 1-0

[Event "CAN-ch U20"]
[Site "Mississauga CAN"]
[Date "2011.04.25"]
[Round "8"]
[White "Kleinman, Michael"]
[Black "Calugar, Arthur"]
[Result "1/2-1/2"]
[WhiteElo "2279"]
[BlackElo "2379"]
[PlyCount "115"]
[GameId "2160767909770624"]
[EventDate "2011.04.22"]
[EventType "swiss"]
[EventRounds "9"]
[EventCountry "CAN"]
[SourceTitle "hb 2012"]

1. e4 c5 2. Nf3 Nc6 3. d4 cxd4 4. Nxd4 Nf6 5. Nc3 d6 6. Bc4 Qb6 7. Nxc6 bxc6 8. O-O g6 9. Qe1 Qc5 10. b3 Bg7 11. Be3 Qe5 12. f4 Qh5 13. Be2 Bg4 14. Bf3 Bxf3 15. gxf3 O-O 16. Ne2 Qh3 17. Qf2 a6 18. Rad1 d5 19. e5 Nh5 20. Qg2 Qc8 21. Ng3 Nxg3 22. hxg3 f6 23. Bd4 c5 24. Bb2 d4 25. Rfe1 fxe5 26. fxe5 Qf5 27. f4 g5 28. Bc1 e6 29. g4 Qg6 30. fxg5 Ra7 31. Qe4 Qxe4 32. Rxe4 Rf3 33. Rd3 Raf7 34. Rxf3 Rxf3 35. Bd2 Rf7 36. Ba5 Bf8 37. Bd8 Be7 38. Bxe7 Rxe7 39. Kf2 Kg7 40. Rf4 Kg6 41. Rf6+ Kxg5 42. Kf3 a5 43. a4 Re8 44. Kg3 c4 45. bxc4 Rc8 46. Rxe6 Rxc4 47. Rf6 Rc3+ 48. Rf3 Rxc2 49. e6 Kg6 50. Kf4 Kf6 51. Ke4+ Kxe6 52. Kxd4 Ra2 53. Rh3 Rxa4+ 54. Kc5 Rxg4 55. Rxh7 a4 56. Ra7 Rh4 57. Kb5 Rh1 58. Rxa4 1/2-1/2

[Event "Kitchener Winter op"]
[Site "Kitchener CAN"]
[Date "2011.03.12"]
[Round "1"]
[White "Calugar, Arthur"]
[Black "Itkin, David"]
[Result "0-1"]
[WhiteElo "2201"]
[BlackElo "1928"]
[PlyCount "112"]
[GameId "2160767909787422"]
[EventDate "2011.03.12"]
[EventType "swiss"]
[EventRounds "5"]
[EventCountry "CAN"]
[SourceTitle "EXT 2022"]
[Source "ChessBase"]
[SourceDate "2021.10.06"]
[SourceVersion "1"]
[SourceVersionDate "2021.10.06"]
[SourceQuality "1"]

1. Nf3 Nf6 2. c4 g6 3. b3 Bg7 4. Bb2 O-O 5. g3 d6 6. d4 c5 7. Bg2 Nc6 8. d5 Na5 9. O-O a6 10. Nbd2 b5 11. e4 Rb8 12. Bc3 Nh5 13. Bxg7 Nxg7 14. Qc2 e6 15. dxe6 Nxe6 16. Rfd1 Nc6 17. Qd3 Qc7 18. Nf1 Ned4 19. Nxd4 Nxd4 20. Ne3 Be6 21. f4 bxc4 22. bxc4 f5 23. exf5 Bxf5 24. Nxf5 Rxf5 25. Re1 Qg7 26. Rab1 Rff8 27. Qe4 Kh8 28. a3 Qf7 29. Qd3 Rfe8 30. Bd5 Qf6 31. Rxb8 Rxb8 32. Qd2 Nf5 33. g4 Qd4+ 34. Qxd4+ Nxd4 35. Re7 Rf8 36. g5 h6 37. gxh6 Rxf4 38. Ra7 Rg4+ 39. Kf1 Rh4 40. Rxa6 Rxh2 41. a4 Kh7 42. Rxd6 Rd2 43. Ra6 Kxh6 44. Bf7 Kg5 45. Rxg6+ Kf4 46. Rf6+ Ke3 47. Ra6 Rf2+ 48. Ke1 Rxf7 49. a5 Kd3 50. Rd6 Kxc4 51. Kd2 Rf2+ 52. Kd1 Ra2 53. Rb6 Kd3 54. Kc1 Ne2+ 55. Kb1 Nc3+ 56. Kc1 Rc2# 0-1